Organizaciones saludables y procesos organizacionales e individuales Comprensin̤ y retos /

Detalles Bibliográficos
Autor principal: Grueso Hinestroza, Merlin Patricia
Formato: eBook
Lenguaje:español
Publicado: Bogot:̀ Editorial Universidad de Rosario (Colombia), 2016
Materias:
Acceso en línea:Acceso restringido

MARC

LEADER 00000nam a22000007a 4500
005 20171212151116.0
007 cr|||| ||||
008 171212s2016 ck |||||s|||| 00||0 spa d
020 |a 978-958-738-784-1 
035 |a 20883 
040 |a vLex 
090 |c 7299  |d 7299 
100 1 |a Grueso Hinestroza, Merlin Patricia 
245 1 0 |a Organizaciones saludables y procesos organizacionales e individuales  |h [Recurso electrn̤ico]:  |b Comprensin̤ y retos /  |c Merlin Patricia Grueso Hinestroza 
256 |a Servicio en ln̕ea 
260 |a Bogot:̀  |b Editorial Universidad de Rosario (Colombia),  |c 2016 
300 |a 1 recurso electrn̤ico 
506 1 |a Disponible solo en los productos indicados  |d vLex Global  |d vLex Global (Academic Edition, excluding Law Schools)  |d vLex Global (U.S. Academic Edition, Law Schools)  |d vLex Global (U.S. Academic Edition, excluding Law Schools)  |d vLex Global (Academic Edition, Law Schools) 
650 0 4 |a Derecho Laboral  |z Colombia 
650 0 4 |a Seguridad Social  |z Colombia 
740 0 |a vLex Libros (Servicio en ln̕ea) 
856 4 0 |u http://vlex.com/source/organizaciones-saludables-procesos-organizacionales-individuales-20883  |z Acceso restringido 
942 |c BOOK 
999 0 |a Labor laws and legislation 
999 0 |a Social Security